000 01277nam a2200229Ia 4500
001 L189-1707
003 IT-CnALBA
008 170116s9999||||xx |||||||||||||| ||und||
040 _aIT-CnALBA
_cIT-CnALBA
041 _aLATINO
100 _aTOMMASO D'AQUINO
_gSANTO DOTTORE
245 0 _aQUAESTIONES DISPURATAE ET QUAESTIONES DUODECIM QUDLIBETALES. VOL. IV. DE VERITA'TE.
250 _a6a ed.
260 _a TORINO - ROMA
_bMARIETTI EDITORE
_c1931 [1° Ed.:1931 - Ed.Ling.Originale: 1931]
300 _a352 p.
500 _aFEDE. RAGIONE SUPERIORE E INFERIORE. SINERESI COSCIENZA. CONOSCENZA DEL PRIMO UOMO NELLO STATO DI INNOCENZA. CONOSCENZA DELL'ANIMA DOPO LA MORTE. SCIENZA DELL'ANIMA DI CRISTO. BENE DESIDERIO DEL BENE E VOLONTÀ. VOLONTÀ DI DIO. LIBERO ARBITRIO. SENSUALITÀ.
501 _aSocietà San Paolo EM - Piazza San Paolo, 14 - 12051 ALBA (CN) (non commercial uses only) ® Copyright 2017
520 _aFEDE. RAGIONE SUPERIORE E INFERIORE. SINERESI COSCIENZA. CONOSCENZA DEL PRIMO UOMO NELLO STATO DI INNOCENZA. CONOSCENZA DELL'ANIMA DOPO LA MORTE. SCIENZA DELL'ANIMA DI CRISTO. BENE DESIDERIO DEL BENE E VOLONTÀ. VOLONTÀ DI DIO. LIBERO ARBITRIO. SENSUALITÀ.
650 _aFILOSOFIA MEDIOEVALE OCCIDENTALE
942 _cBK
957 _71
999 _a2693
_bSI
_g Copie: 1
_c260930
_d260930